Louvre City = La ville Louvre /

Сохранить в:
Библиографические подробности
Главный автор: Philibert, Nicolas (realización)
Другие авторы: Barrau, Daniel (fotógrafo) (fotógrafo), Quinton, Marie (montaje) (montaje), Hersant, Philippe (música) (música)
Формат: Перемещать
Язык:французский
Опубликовано: París, Francia : La Sept, 1990, c1990
Предметы:
Метки: Добавить метку
Нет меток, Требуется 1-ая метка записи!

MARC

LEADER 00000ngm^a2200000^a^4500
001 000395695
005 20250521000000.0
009 20260310121409.512
037 |a Acervo ITESO - Biblioteca 
041 |a FRA 
082 |a 708. 944361  |b PHI 
100 |a Philibert, Nicolas  |e (realización) 
240 1 4 |a [La ciudad Louvre] 
245 1 0 |a Louvre City =  |b La ville Louvre /  |c Realización de N. Philibert. 
246 2 |a Título en México: La ciudad Louvre 
264 4 |a París, Francia :  |b La Sept,  |c 1990, c1990 
264 2 |a Nueva York, EUA :  |b Kino International Corporation [distribución],  |c 2009, c2009 
300 |a 1 DVD sin dato de región (85 min.) :  |b color 
336 |a imagen móvil bidimensional  |b tdi  |2 rdacontenido 
337 |a video  |b v  |2 rdamedio 
338 |a videodisco  |b vd  |2 rdasoporte 
546 |a En francés, con subtítulos opcionales: inglés 
649 |a XX 
650 |a Gremios y Oficios en el Cine 
650 |a Museólogos y Museógrafos en el Cine 
650 |a Museólogos y Museógrafos -  |x Prácticas Profesionales 
650 |a Museos y Galerías -  |z París, Francia 
650 |a Museos y Galerías -  |z Francia 
650 |a Documentales 
650 |a Opera Prima 
650 |a Cine Francés -  |y 1990-1999 
650 |a Cine Francés -  |y Siglo XX 
650 |a Restauración y Conservación de Arte -  |z París, Francia 
650 |a Restauración y Conservación de Arte -  |z Francia 
650 |a Arte -  |z París, Francia -  |x Colecciones -  |x Historia y Crítica 
650 |a Arte -  |z Francia -  |x Colecciones -  |x Historia y Crítica 
650 |a Arte -  |z París, Francia -  |x Difusión 
650 |a Arte -  |z Francia -  |x Difusión 
650 |a Arte -  |x Difusión 
650 |a Arte y Sociedad 
650 |a Museología 
650 |a Sociología Laboral 
650 |a Musée du Louvre -  |x Tema Principal 
700 |a Barrau, Daniel  |e (fotógrafo) 
700 |a Quinton, Marie  |e (montaje) 
700 |a Hersant, Philippe  |e (música) 
910 |a Fondo General 
920 |a Audiovisuales - DVDs 
940 |a Películas 
905 |a 302 
901 |a 0500290501  |b IT2  |c DVS  |i C152199  |u 20250521 
902 |a https://opac.biblio.iteso.mx/vufind/Record/000395695